| 000 | 02129nam0a2200385 4500 | ||
|---|---|---|---|
| 001 | RU\NLR\BIBL_A\022351021 | ||
| 005 | 20260420015747.0 | ||
| 010 |
_a978-5-6045657-6-6 _930 |
||
| 021 |
_aRU _bКН-П-24-051517 _9КН-П-24-5122 |
||
| 035 | _a(NLR Aleph) 022351021 | ||
| 090 |
_a13667234 _c13667234 |
||
| 100 | _a20241011d2024 u y0rusy50 ca | ||
| 101 | 0 | _arus | |
| 102 | _aRU | ||
| 105 | _aа z 000zy | ||
| 181 | 0 |
_ai _baxxe |
|
| 182 | 0 | _an | |
| 200 | 1 |
_a1943 год: коренной перелом в ходе Великой Отечественной войны _d1943: The Decisive Turning Point in the Greate Patriotic War's History _eсборник научных трудов _fПрезидентская библиотека _gответственный реактор: Е. А. Багрин, канд. ист. наук _zeng |
|
| 203 |
_aТекст _bвизуальный _cнепосредственный |
||
| 210 |
_aСанкт-Петербург _cПрезидентская библиотека _d2024 |
||
| 215 |
_a363, [1] с. _cил., цв. ил. _d24 |
||
| 225 | 1 |
_aСборники Президентской библиотеки _dPresidential library collections _iСерия "Электронный архив" _vвып. 10 _zeng |
|
| 300 | _aРез на англ. яз. | ||
| 320 | _aБиблиогр. в конце ст. и в подстроч. примеч. | ||
| 510 | 1 |
_a1943: The Decisive Turning Point in the Greate Patriotic War's History _zeng |
|
| 606 | 1 |
_aВеликая Отечественная война _jСборники _xВторой период _z1941 - 1945 _92488030 _3RU\NLR\AUTH\661476492 |
|
| 686 | 1 | _aЦ35(2)722.3я43 | |
| 686 | 1 | _aТ3(2)722.12я43 | |
| 702 | 1 |
_4340 _aБагрин _bЕ. А. _f1979- _gЕгор Андреевич _9139286 _3RU\NLR\AUTH\770139321 |
|
| 712 | 0 | 2 |
_4475 _aПрезидентская библиотека им. Б. Н. Ельцина _cСанкт-Петербург _9866954 _3RU\NLR\AUTH\8810186056 |
| 942 | _cBOOK | ||
| 980 | _aNB | ||